000 00526nam a2200169 a 4500
001 000017907
005 20200929165257.0
008 100407s1990 dr ac 000 0 spa d
040 _aDO-SdBNP
_bspa
_cBNPHU
082 _axxxx
_bA473c
100 1 _aAlvárez Perelló, Eduardo A.,
_d1915-
_938853
245 1 3 _aEl conquistador Don Alonso de Ojeda /
_cEduardo A. Alvárez Perelló.
260 _aSanto Domingo :
_bTaller,
_c1990.
300 _a155 p. :
_bil., map. ;
_c22 cm.
504 _aBibliografía p: 153-155
049 _aBNPD
999 _c17431
_d17431